Advanced Cost Accounting, Sem-1 (Record no. 45545)

MARC details
000 -LEADER
fixed length control field 00498nam a2200181Ia 4500
008 - FIXED-LENGTH DATA ELEMENTS--GENERAL INFORMATION
fixed length control field 220531s9999 xx 000 0 und d
041 ## - LANGUAGE CODE
Language code of text/sound track or separate title eng
082 ## - DEWEY DECIMAL CLASSIFICATION NUMBER
Classification number -
Item number ADV / MAH
100 ## - MAIN ENTRY--PERSONAL NAME
Personal name Mahajan, Suhas / Kulkarni, Mahesh
9 (RLIN) 82601
245 ## - TITLE STATEMENT
Title Advanced Cost Accounting, Sem-1
250 ## - EDITION STATEMENT
Edition statement 1ST
260 ## - PUBLICATION, DISTRIBUTION, ETC. (IMPRINT)
Place of publication, distribution, etc. Pune
Name of publisher, distributor, etc. Nirali
Date of publication, distribution, etc. 2017
300 ## - PHYSICAL DESCRIPTION
Extent 4.132
542 ## - INFORMATION RELATING TO COPYRIGHT STATUS
Copyright holder 09-10-2018
650 ## - SUBJECT ADDED ENTRY--TOPICAL TERM
Topical term or geographic name as entry element Cost Accounting
9 (RLIN) 82602
906 ## - LOCAL DATA ELEMENT F, LDF (RLIN)
c M.Com-I
d 2018-2019
e Elantas Beck Co.
f 13921
Holdings
Withdrawn status Lost status Source of classification or shelving scheme Damaged status Not for loan Collection code Home library Current library Date acquired Vendor Cost, normal purchase price Total Checkouts Total Holds Full call number Barcode Date last seen Cost, replacement price Bill Date Koha item type Original Barcode
Withdrawn   Dewey Decimal Classification       Shri Siddhivinayak Mahila Mahavidyalaya Shri Siddhivinayak Mahila Mahavidyalaya 30/10/2018 Nirali 400.00   10 -/ADV/MAH/B/26806 SSMM-BK-26806 06/08/2022 400.00 06/08/2022 Books 010026806